Score 0/12 Timer 02:00
0 Plays Today
Scrambled Name Answer % Correct
SPSESREOEspresso
96.6%
HOMACMocha
86.3%
EFACF ALTETCaffe Latte
79.1%
RFPAPEFrappe
79%
PUANCPCOICCappuccino
67.2%
EAFCF VREBECaffe Breve
55.7%
NCMAERIAOAmericano
37%
ONC AANPNCon Panna
36.3%
BUOANCCubano
28%
TIHACMOCAMacchiato
27.7%
NBOOMBBombon
18%
TSROTRIETRistretto
4.7%
Remove Ads.
Support Sporcle.
Get the best of Sporcle when you Go Orange. This ad-free experience offers more features, more stats, and more fun while also helping to support Sporcle. Thank you for becoming a member.

You're not logged in!

Compare scores with friends on all Sporcle quizzes.
OR
Log In

Show Comments

Extras

Top Quizzes Today


Score Distribution

Your Account Isn't Verified!

In order to create a playlist on Sporcle, you need to verify the email address you used during registration. Go to your Sporcle Settings to finish the process.

Report this User

Report this user for behavior that violates our Community Guidelines.

Details: